ハイテク日本の明日を読む : 社会が支持するほんものの技術は何か

Đã lưu trong:
Bibliografiske detaljer
Hovedforfatter: 森谷正
Format: Bog
Sprog:Undetermined
Udgivet: 東京 日刊工業新聞社 1988
Fag:
Tags: Tilføj Tag
Ingen Tags, Vær først til at tagge denne postø!
Thư viện lưu trữ: Trung tâm Học liệu Trường Đại học Cần Thơ
LEADER 00576nam a2200205Ia 4500
001 CTU_80644
008 210402s9999 xx 000 0 und d
082 |a 330.952 
082 |b M862 
100 |a 森谷正 
245 0 |a ハイテク日本の明日を読む : 
245 0 |b 社会が支持するほんものの技術は何か 
245 0 |c 森谷正 
260 |a 東京 
260 |b 日刊工業新聞社 
260 |c 1988 
650 |a Japan 
650 |x Economic Conditions 
904 |i Ngọc,Hải 
980 |a Trung tâm Học liệu Trường Đại học Cần Thơ